| 000 | 01249nam a2200325 i 4500 | ||
|---|---|---|---|
| 001 | 000004498 | ||
| 003 | DO-SdBNP | ||
| 005 | 20250217091458.0 | ||
| 007 | ta | ||
| 008 | 090723s1987 dr r 001 0 spa d | ||
| 040 |
_aDO-SdBNP _bspa _cBNPHU _erda |
||
| 082 | 4 |
_bT613a _222 |
|
| 100 | 1 |
_aTisnés J., Roberto M., _913149 _eautor |
|
| 245 | 1 | 0 |
_aAlejandro Geraldini : _bprimer obispo residente de Santo Domingo en la española, amigo y defensor de Colón / _cRoberto M. Tisnés J. ; prólogo, Nicolás de Jesús López Rodríguez ; cuidado de edición e índice onomástico, José Chez Checo |
| 264 |
_aSanto Domingo : _bAmigo del Hogar, _c1987. |
||
| 300 |
_a421 páginas ; _c24 cm. |
||
| 336 |
_2rdacontent _atexto _btxt |
||
| 337 |
_2rdamedia _asin mediación _bn |
||
| 338 |
_2rdacarrier _avolumen _bnc |
||
| 490 | _aCatedral Primada | ||
| 490 |
_aEstudios _v1 |
||
| 500 | _aIncluye índice | ||
| 500 | _aIncluye datos biográficos del autor en la solapa | ||
| 504 | _aBibliografía : p. 389-395 | ||
| 590 | _aInventariado, 2024/BT | ||
| 700 | 1 |
_a López Rodríguez, Nicolás de Jesús, _d1936- _ePrólogo _9670 |
|
| 700 | 1 |
_aChez Checo, José, _ecuidado de edición e índice onomástico _980381 |
|
| 910 | _aBTavarez | ||
| 942 |
_2ddc _cLBS1 |
||
| 999 |
_c4307 _d4307 |
||